Pays d'origine des joueurs de la Ligue 1 - Statistiques

Statistiques générales
  • Ce quiz a été pris 54 fois
    3 depuis la dernière actualisation
  • Le résultat moyen est 45 sur 67
Statistiques - réponses
Joueurs Pays % Correct
16 Algérie
100%
291 France
100%
2 Haiti
100%
11 Maroc
100%
5 Pays-Bas
100%
8 Tunisie
100%
4 Afrique du Sud
67%
1 Albanie
67%
4 Allemagne
67%
11 Argentine
67%
8 Belgique
67%
6 Bénin
67%
35 Brésil
67%
17 Cameroun
67%
5 Cap-Vert
67%
2 Colombie
67%
3 Comores
67%
2 Corée du Sud
67%
18 Côte d'Ivoire
67%
2 Croatie
67%
2 Danemark
67%
4 Espagne
67%
1 Etats-Unis
67%
1 Finlande
67%
1 Gabon
67%
2 Gambie
67%
2 Ghana
67%
9 Guinée
67%
2 Guinée-Bissau
67%
1 Hongrie
67%
1 Islande
67%
5 Italie
67%
2 Japon
67%
1 Lituanie
67%
4 Luxembourg
67%
2 Madagascar
67%
15 Mali
67%
1 Mauritanie
67%
1 Monténégro
67%
1 Mozambique
67%
1 NIger
67%
1 Nigeria
67%
2 Norvège
67%
1 Paraguay
67%
3 Pologne
67%
11 Portugal
67%
2 République Centrafricaine
67%
11 République Démocratique du Congo
67%
8 République du Congo
67%
3 République tchèque
67%
1 Roumanie
67%
32 Sénégal
67%
5 Serbie
67%
2 Slovaquie
67%
3 Slovénie
67%
4 Suède
67%
5 Suisse
67%
1 Tchad
67%
1 Turquie
67%
3 Uruguay
67%
1 Venezuela
67%
3 Bosnie-et-Herzégovine
33%
6 Burkina Faso
33%
2 Grèce
33%
1 Laos
33%
1 République Dominicaine
33%
3 Togo
33%
Aucun quiz correspondant
Distribution des résultats
% des personnes avec chaque résultat
Percentile par nombre de réponses
Votre historique - résultats
Vous n’avez pas pris ce quiz depuis la dernière actualisation